Sanat - "Ihan helmi" - Robin - Statistics

Yleistilastot
  • Tätä visaa on pelattu 70 kertaa
  • Keskiarvotulos 117 / 198
Vastaustilastot
Vastaus % Oikein
oo
95%
helmi
92%
ihan
92%
92%
äiti
90%
Äiti
90%
oot
90%
kuitenkin
82%
sun
79%
Vaik
72%
vaik
72%
en
69%
69%
Nään
64%
nään
64%
silmistä
62%
sen
56%
et
54%
koskaan
54%
on
54%
haluut
51%
kysyä
51%
niin
51%
paha
51%
sanokaan
51%
taa
51%
Vaikka
51%
vaikka
51%
arvata
49%
levoton
49%
miks
49%
pitäis
49%
taas
49%
vaan
49%
aina
46%
jos
46%
olen
46%
ja
44%
kun
44%
paan
44%
ajatukset
41%
kaikki
41%
käsken
41%
levällään
41%
ovelta
41%
sut
41%
talteen
41%
ymmärrä
41%
häipymään
38%
joskus
38%
mitä
38%
mutta
38%
mikään
36%
neuvos
36%
pahaa
36%
raskasta
36%
sulle
36%
tarkoita
36%
tietäisin
36%
vastaisin
36%
älä
33%
ei
33%
hei
33%
kyyneleitä
33%
luovuta
33%
mistä
33%
piilottaa
33%
tunteet
33%
luulla
31%
maskin
31%
nielevän
31%
silti
31%
voisit
31%
hölmöilyä
28%
hukkaan
28%
huoli
28%
kapinoiden
28%
mene
28%
monta
28%
teen
28%
kovasti
26%
tahdot
26%
tiedät
26%
vielä
26%
yrittää
26%
alle
23%
huolenpitos
23%
luotas
23%
meen
23%
ihon
21%
jää
21%
varmaan
21%
kyl
18%
sillä
18%
koetat
15%
Ehtoja vastaavia visoja ei löytynyt
Tulosjakauma
Jokaisen tuloksen saaneiden osuus
Persentiili vastausten määrän mukaan
Tuloshistoriasi
Et ole pelannut tätä visaa